000 00677nam a2200241Ia 4500
001 38102
005 20240114001956.0
007 ta
008 070628s1971 g b000 u 346 u
040 _aCotton College,Assam
041 _a346
082 _a920
_bBo 64 Up
100 _aBandopadhya, Jamuna.
245 0 _aUpal Byathita Gati: Bibhutibhushaner Smriti Katha /
_cJamuna Bandopadhya.
_hTextual Documents
250 _a1st ed. /
260 _aCalcutta :
_bMitra & Ghosh publishers ,
_c1971.
300 _a100p. ;
_c22cm.
653 _aBiography-Bibhutibhushan
653 _aG-Biography
942 _2ddc
_cBK
999 _c38078
_d38078